02097nam a22002417a 4500008004100000020001800041040000800059041000800067100003600075245017300111260003600284300004900320490002700369520062400396520055401020650003101574650004101605650005401646650003901700650004801739700004001787700002801827251014b |||||||| |||| 00| 0 eng d a9788411573504 ctbs aspa aDíaz Gutiérrez, Evaeauthor aMundo profesional 1b: guía didáctica : curso de español para ámbitos profesionales A1-A2c/ Eva Díaz Gutiérrez, Vanessa Ordovás García, Mila Sánchez. aBarcelona :bDifusión,c2023. a128 pages :billustrations (color) ;c28 cm. aMundo profesional ;v1 aMundo profesional es un método de español ideal para descubrir el mundo de habla hispana y aprender a comunicarse en diferentes situaciones de la vida profesional. El primer nivel prepara para alcanzar un A2 del Marco Común Europeo de Referencia para las Lenguas. Esta Guía didáctica ofrece: • explicaciones detalladas para llevar a cabo las actividades del manual de manera sencilla y eficaz • ideas complementarias para enriquecer la experiencia de aprendizaje • soluciones de las actividades del manual • propuestas metodológicas para trabajar con ritmos de aprendizaje individualizados  aMundo profesional is a Spanish-learning method designed to explore the Spanish-speaking world and learn how to communicate in various professional settings. The first level aims to reach an A2 level of the Common European Framework of Reference for Languages. This Teacher’s Guide offers: • Detailed explanations to carry out the textbook activities easily and effectively • Additional ideas to enrich the learning experience • Answers to the textbook activities • Methodological suggestions for working with individualized learning paces 0aSpanish language xGrammar 0aSpanish languagexStudy and teaching 0aSpanish language xTextbooks for foreign speakers 0aSpanish languagexBusiness Spanish 0aSpanish languagevComposition and exercises aOrdovás García, Vanessaeauthor aSánchez, Milaeauthor